|
|
|
|
| LEADER |
01090naa a2200373 a 4500 |
| 001 |
000029821 |
| 003 |
SVKKK |
| 005 |
00000000000000.0 |
| 008 |
c1997 xo e sloo |
| FMT |
|
|
|
| 020 |
|
|
|a 80-88709-33-4
|
| 038 |
|
|
|a SVKKK
|
| 040 |
|
|
|a SVKKK
|b slo
|e AACR2
|
| 041 |
0 |
|
|a slo
|b ger
|
| 044 |
|
|
|a xo
|c SK
|
| 080 |
|
|
|a 669"637
|2 1981
|
| 100 |
1 |
|
|a Novotná, Mária
|4 aut
|
| 245 |
1 |
0 |
|a Výskum osady z doby bronzovej v Poprade-Matejovciach
|c Novotná Mária, Soják Marián
|
| 260 |
|
|
|a Nitra :
|b Archeologický ústav SAV,
|c 1997
|
| 300 |
|
|
|e Obr. príl
|
| 504 |
|
|
|a Res. nem., lit
|
| 520 |
2 |
|
|b Opis, typológia a funkcia bronzovej ihlice zo žiarového hrobu pilinskej kultúry.
|
| 650 |
0 |
4 |
|a ihlice bronzové
|
| 650 |
0 |
4 |
|a industria bronzová
|
| 650 |
0 |
4 |
|a kultúra pilinská
|
| 700 |
1 |
|
|a Soják, Marián
|4 aut
|
| 773 |
0 |
|
|t Archeologické výskumy a nálezy na Slovensku v roku 1995
|z 80-88709-33-4
|g S. 139-141
|
| 957 |
|
|
|a Poprad-Matejovce
|
| 958 |
|
|
|a NB
|
| 974 |
|
|
|d 020911
|a 244
|
| 992 |
|
|
|a RZB
|
| BAS |
|
|
|
| 852 |
|
|
|a SVKKK
|b BIB
|
| 998 |
|
|
|a HUT
|